Pokémon - Les attaques de Pashmilla - Statistiques

Statistiques générales
  • Ce quiz a été pris 19 fois
  • Le résultat moyen est 9 sur 16
Statistiques - réponses
Niveaux Types Noms des attaques % Correct
Départ Fée Charme
91%
Départ Normal Plumo-Queue
82%
Départ Fée Regard Touchant
82%
Départ Plante Balle Graine
73%
Départ Roche Boule Roc
64%
Départ Normal Écras'Face
64%
Départ Normal Météores
64%
Départ Normal Coup d'Main
55%
Départ Normal Écho
55%
Départ Normal Berceuse
45%
Départ Normal Dernier Recours
45%
Départ Normal Mégaphone
45%
Départ Normal Souplesse
45%
Départ Normal Encore
36%
Départ Normal Chatouille
27%
Départ Normal Après Vous
9%
Aucun quiz correspondant
Distribution des résultats
% des personnes avec chaque résultat
Percentile par nombre de réponses
Votre historique - résultats
Vous n’avez pas pris ce quiz